Shrinking Cities in Michigan - Statistics

General Stats
  • This quiz has been taken 33 times
  • The average score is 8 of 12
Answer Stats
Population Growth Rate (%) City % Correct
639,111 -11 Detroit
100%
112,644 -1.4 Lansing
96%
81,252 -23 Flint
92%
73,598 -0.9 Kalamazoo
85%
38,318 -0.2 Muskegon
85%
44,202 -15 Saginaw
77%
32,661 -6.7 Bay City
69%
31,309 -6.7 Jackson
65%
95,535 -1.4 Livonia
58%
47,741 -1.7 East Lansing
54%
58,874 -1.5 St. Clair Shores
35%
30,014 -0.1 Southgate
8%
No matching quizzes found
Score Distribution
Percent of People with Each Score
Percentile by Number Answered
Your Score History
You have not taken this quiz